Psychoanalytic psychotherapy / (Record no. 4568)

000 -LEADER
fixed length control field 00861cam a2200277 i 4500
001 - CONTROL NUMBER
control field 1305354
003 - CONTROL NUMBER IDENTIFIER
control field OSt
005 - DATE AND TIME OF LATEST TRANSACTION
control field 20220324110539.0
008 - FIXED-LENGTH DATA ELEMENTS--GENERAL INFORMATION
fixed length control field 781020s1978 mau b 001 0 eng
010 ## - LIBRARY OF CONGRESS CONTROL NUMBER
LC control number 77079454
020 ## - INTERNATIONAL STANDARD BOOK NUMBER
International Standard Book Number 0201025132
040 ## - CATALOGING SOURCE
Original cataloging agency DLC
Transcribing agency DLC
Modifying agency DLC
050 00 - LIBRARY OF CONGRESS CALL NUMBER
Classification number RC504
Item number .P77 1978
082 00 - DEWEY DECIMAL CLASSIFICATION NUMBER
Classification number 616.8/917
245 00 - TITLE STATEMENT
Title Psychoanalytic psychotherapy /
Statement of responsibility, etc. edited by George D. Goldman, Donald S. Milman.
260 ## - PUBLICATION, DISTRIBUTION, ETC.
Place of publication, distribution, etc. Reading, Mass. :
Name of publisher, distributor, etc. Addison-Wesley Pub. Co.,
Date of publication, distribution, etc. c1978.
300 ## - PHYSICAL DESCRIPTION
Extent xv, 176 p. ;
Dimensions 21 cm.
440 #0 - SERIES STATEMENT/ADDED ENTRY--TITLE
Title Addison-Wesley series in clinical and professional psychology
500 ## - GENERAL NOTE
General note Includes index.
504 ## - BIBLIOGRAPHY, ETC. NOTE
Bibliography, etc. note Bibliography: p. 168-172.
650 #0 - SUBJECT ADDED ENTRY--TOPICAL TERM
Topical term or geographic name entry element Psychoanalysis.
700 1# - ADDED ENTRY--PERSONAL NAME
Personal name Goldman, George D.
700 1# - ADDED ENTRY--PERSONAL NAME
Personal name Milman, Donald S.,
Dates associated with a name 1924-
906 ## - LOCAL DATA ELEMENT F, LDF (RLIN)
a 7
b cbc
c orignew
d 2
e opcn
f 19
g y-gencatlg
942 ## - ADDED ENTRY ELEMENTS (KOHA)
Source of classification or shelving scheme
Koha item type Book
Suppress in OPAC DO
Holdings
Withdrawn status Lost status Source of classification or shelving scheme Damaged status Not for loan Permanent Location Current Location Shelving location Date acquired Source of acquisition Total Checkouts Full call number Barcode Date last seen Price effective from Koha item type Public note
          AU LIBRARY AU LIBRARY Open Shelf 24.03.2022 DONATION FROM MOI UNIVERSITY   RC504 .P77 1978 28006608 24.03.2022 24.03.2022 Book DO

Powered by Koha